| 000 | 00814nam a22002057a 4500 | ||
|---|---|---|---|
| 999 |
_c508 _d508 |
||
| 005 | 20190819100931.0 | ||
| 008 | 190819b ||||| |||| 00| 0 eng d | ||
| 020 | _a9781471406867 | ||
| 040 | _cKH8 | ||
| 082 | _aFIC TAV | ||
| 100 | _aTavengerwei, Rutendo | ||
| 245 |
_aHope is our only wing / _cRutendo Tavengerwei |
||
| 260 |
_aLondon : _bHot Key Books, _c2018. |
||
| 300 |
_a242 p. _c20 cm. |
||
| 520 | _aA teen novel set in Zimbabwe about hope - and its power to heal a family, a friendship or even a nation.For fifteen-year-old Shamiso, struggling with grief and bewilderment following her father's death, hope is nothing but a leap into darkness. | ||
| 650 |
_aJuvenile fiction _vPeople & Places _zAfrica. |
||
| 650 |
_aJuvenile fiction _vHistorical _zAfrica. |
||
| 650 | _aZimbabwe. | ||
| 942 |
_2ddc _cFIC |
||